The life and works of Lupercio Leonardo de Argensola / (Record no. 76121)
[ view plain ]
| 000 -LEADER | |
|---|---|
| campo de control de longitud fija | 00548nam a2200181 i 4500 |
| 001 - NÚMERO DE CONTROL | |
| campo de control | 76121 |
| 003 - IDENTIFICADOR DE NÚMERO DE CONTROL | |
| campo de control | ES-MaACL |
| 005 - FECHA Y HORA DE LA ÚLTIMA TRANSACCIÓN | |
| campo de control | 20250624194552.0 |
| 007 - CAMPO FIJO DE DESCRIPCIÓN FÍSICA--INFORMACIÓN GENERAL | |
| campo de control de longitud fija | t| |
| 008 - DATOS DE LONGITUD FIJA--INFORMACIÓN GENERAL | |
| campo de control de longitud fija | 040929s1927 xxu ||||1| eng d |
| 100 1# - ENTRADA PRINCIPAL--NOMBRE DE PERSONA | |
| Nombre de persona | Green, Otis Howard. |
| 9 (RLIN) | 59848 |
| 245 14 - MENCIÓN DEL TÍTULO | |
| Título | The life and works of Lupercio Leonardo de Argensola / |
| Mención de responsabilidad, etc. | [by] Otis Howard Green. |
| 260 ## - PUBLICACIÓN, DISTRIBUCIÓN, ETC. | |
| Lugar de publicación, distribución, etc. | Philadelphia : |
| Nombre del editor, distribuidor, etc. | [s.n., |
| Fecha de publicación, distribución, etc. | 1927] |
| 300 ## - DESCRIPCIÓN FÍSICA | |
| Extensión | 203 p. ; |
| Dimensiones | 23 cm. |
| 600 17 - PUNTO DE ACCESO ADICIONAL DE MATERIA--NOMBRE DE PERSONA | |
| Nombre de persona | Leonardo de Argensola, Lupercio, |
| Fechas asociadas al nombre | 1559-1613 |
| Fuente del encabezamiento o término | |
| 9 (RLIN) | 128881 |
| 852 ## - LOCALIZACIÓN | |
| Ubicación | ES-MaACL |
| Número de control de estantería | F-9446 |
| Estatus retirado | Estado de pérdida | Estado de daño | No para préstamo | Biblioteca de origen | Biblioteca actual | Ubicación en estantería | Fecha de adquisición | Fuente de adquisición | Total de préstamos | Signatura topográfica completa | Código de barras | Visto por última vez | Precio de reemplazo | Tipo de ítem Koha |
|---|---|---|---|---|---|---|---|---|---|---|---|---|---|---|
| Biblioteca del Ateneo de Madrid | Biblioteca del Ateneo de Madrid | Sala Pecera Planta 2 | 17/01/2008 | F-9446 | 1079665 | 23/02/2023 | 23/02/2023 | Libro impreso |
